000 00714cam a2200157 4500500
005 20251214021154.0
041 _afre
042 _adc
100 1 0 _aLenoir, Daniel
_eauthor
245 0 0 _aLa Seguridad Social, una octogenaria llena de vida
260 _c2025.
500 _a69
520 _aMientras celebramos los ochenta años de la Seguridad Social en Francia, un inspector general de asuntos sociales recuerda los objetivos fijados por el Consejo Nacional de la Resistencia y describe los retos a los que se enfrenta hoy en día.
786 0 _nEsprit | Octobre | 10 | 2025-10-21 | p. 25-29 | 0014-0759
856 4 1 _uhttps://shs.cairn.info/revista-esprit-2025-10-page-25?lang=es&redirect-ssocas=7080
999 _c1571842
_d1571842